ODPM struggles over buildings directive (Record no. 76249)

MARC details
000 -LEADER
fixed length control field 01152cab a2200193 4500
001 - CONTROL NUMBER
control field ##L131696
008 - FIXED-LENGTH DATA ELEMENTS--GENERAL INFORMATION
fixed length control field 051130n2005 000 0 eng u
035 ## - SYSTEM CONTROL NUMBER
System control number (Sirsi) u131696
041 0# - LANGUAGE CODE
Language code of text/sound track or separate title eng
100 1# - MAIN ENTRY--PERSONAL NAME
Personal name Wood, Janet
245 00 - TITLE STATEMENT
Title ODPM struggles over buildings directive
260 3# - PUBLICATION, DISTRIBUTION, ETC.
Date of publication, distribution, etc. 2005
490 #0 - SERIES STATEMENT
Series statement ENDS Report
Volume/sequential designation (370) November 2005, 28-31(4)
520 ## - SUMMARY, ETC.
Summary, etc. Reports on the stuttering progress being made towards implementing the EU directive on energy performance in the UK before the January 2006 deadline. The ODPM has still to take decisions on methods to assess energy efficiency, certification requirements and on how to train inspectors. The UK is certain to become in breach of the directive and the full provisions relating to commercial properties may not be in force until 2009. Lists the key points of the directive, tables the unfinalised issues in the domestic and non-domestic sectors, and expected levels of certification.
590 ## - LOCAL NOTE (RLIN)
Local note IKA061205
650 24 - SUBJECT ADDED ENTRY--TOPICAL TERM
Topical term or geographic name entry element DIRECTIVE 2002/91/EC
690 ## - LOCAL SUBJECT ADDED ENTRY--TOPICAL TERM (OCLC, RLIN)
Topical term or geographic name as entry element ENVIRONMENTAL AND LAND CONSULTANCY-ENERGY-ENERGY USE-ENERGY USE ASSESSMENT-ENERGY USE AUDITING-ENERGY USE RATING
942 ## - ADDED ENTRY ELEMENTS (KOHA)
Suppress in OPAC 0
Holdings
Withdrawn status Lost status Source of classification or shelving scheme Damaged status Not for loan Home library Current library Shelving location Date acquired Total Checkouts Full call number Barcode Date last seen Copy number Price effective from Koha item type
    Dewey Decimal Classification     London London Journal article 30/11/2005   L131696 131696-1001 06/08/2019 1 06/08/2019 Journal article